| 000 | 00757nab a2200205 4500 | ||
|---|---|---|---|
| 003 | BR-BrBNA | ||
| 005 | 20260109111407.0 | ||
| 008 | 260109b bl.||||| |||| 00| 0 por d | ||
| 040 |
_aBR-BrBNA _bpor |
||
| 072 |
_aF01 _b1530 |
||
| 072 | _aF02 | ||
| 072 | _aF62 | ||
| 100 | _aRichter, Neide Terezinha | ||
| 100 | _aTessarioli Neto, João | ||
| 245 | _aO cultivo da cenoura tem suas vantagens | ||
| 500 | _a2 illus | ||
| 773 | 0 |
_01330 _9275255 _dCampinas-SP Coordenadoria de Assistência Técnica Integral - CATI - Centro de Comunicação Rural e Treinamento - CECORT 1979. Data final de publicação em 1990 _o2023-437061 _tCasa da Agricultura (Brazil) _x0100-6541 _gv. 3(2) p. 30-33 _wBR2025004847 |
|
| 942 | _cANA | ||
| 999 |
_c339774 _d339774 |
||